<?xml version="1.0" encoding="UTF-8"?>
<record
    xmlns:xsi="http://www.w3.org/2001/XMLSchema-instance"
    xsi:schemaLocation="http://www.loc.gov/MARC21/slim http://www.loc.gov/standards/marcxml/schema/MARC21slim.xsd"
    xmlns="http://www.loc.gov/MARC21/slim">

  <leader>00850nam a22002297a 4500</leader>
  <controlfield tag="008">240610b        mp ||||| |||| 00| 0 mon d</controlfield>
  <datafield tag="020" ind1=" " ind2=" ">
    <subfield code="a">9789997318404</subfield>
  </datafield>
  <datafield tag="035" ind1=" " ind2=" ">
    <subfield code="a">23959</subfield>
  </datafield>
  <datafield tag="040" ind1=" " ind2=" ">
    <subfield code="a">UVS1285160</subfield>
    <subfield code="b">mon</subfield>
    <subfield code="c">MN-UlNLM</subfield>
    <subfield code="d">MN-UlNLM</subfield>
    <subfield code="e">rda</subfield>
  </datafield>
  <datafield tag="041" ind1=" " ind2=" ">
    <subfield code="a">mon</subfield>
  </datafield>
  <datafield tag="042" ind1=" " ind2=" ">
    <subfield code="a">73072</subfield>
  </datafield>
  <datafield tag="084" ind1=" " ind2=" ">
    <subfield code="2">NNA</subfield>
    <subfield code="a">84(5&#x41C;&#x43E;&#x43D;)</subfield>
    <subfield code="b">&#x41D; 282</subfield>
  </datafield>
  <datafield tag="100" ind1=" " ind2=" ">
    <subfield code="a">&#x41D;&#x430;&#x43D;&#x436;&#x438;&#x434; &#x411;.</subfield>
  </datafield>
  <datafield tag="245" ind1=" " ind2="0">
    <subfield code="a">&#x41D;&#x430;&#x440; &#x441;&#x430;&#x440; &#x420;&#x430;&#x445;</subfield>
  </datafield>
  <datafield tag="264" ind1=" " ind2=" ">
    <subfield code="a">&#x423;&#x43B;&#x430;&#x430;&#x43D;&#x431;&#x430;&#x430;&#x442;&#x430;&#x440;</subfield>
    <subfield code="b">&#x41C;&#x43E;&#x43D;&#x441;&#x443;&#x434;&#x430;&#x440;</subfield>
    <subfield code="c">2020</subfield>
  </datafield>
  <datafield tag="300" ind1=" " ind2=" ">
    <subfield code="a">&#x445;.</subfield>
  </datafield>
  <datafield tag="336" ind1=" " ind2=" ">
    <subfield code="2">rdacontent</subfield>
    <subfield code="a">text</subfield>
    <subfield code="b">txt</subfield>
  </datafield>
  <datafield tag="337" ind1=" " ind2=" ">
    <subfield code="2">rdamedia</subfield>
    <subfield code="a">unmediated</subfield>
    <subfield code="b">n</subfield>
  </datafield>
  <datafield tag="338" ind1=" " ind2=" ">
    <subfield code="2">rdacarrier</subfield>
    <subfield code="a">volume</subfield>
    <subfield code="b">nc</subfield>
  </datafield>
  <datafield tag="650" ind1=" " ind2=" ">
    <subfield code="a">&#x425;&#x4AF;&#x43C;&#x4AF;&#x4AF;&#x441;&#x438;&#x439;&#x43D; &#x43C;&#x443;&#x443; &#x43C;&#x443;&#x443;&#x445;&#x430;&#x439; &#x441;&#x44D;&#x442;&#x433;&#x44D;&#x43B;&#x44D;&#x44D;&#x441; &#x43D;&#x44D;&#x433;&#x44D;&#x43D; &#x43C;&#x430;&#x43D;&#x433;&#x430;&#x441; &#x4AF;&#x4AF;&#x441;&#x436;&#x44D;&#x44D;. &#x425;&#x43E;&#x432;&#x434;&#x43E;&#x433; &#x442;&#x44D;&#x440; &#x43C;&#x430;&#x43D;&#x433;&#x430;&#x441; &#x445;&#x430;&#x43C;&#x430;&#x433; &#x431;&#x4AF;&#x445;&#x43D;&#x438;&#x439;&#x433; &#x437;&#x430;&#x43B;&#x433;&#x438;&#x445; &#x431;&#x43E;&#x43B;&#x43E;&#x432;. &#x425;&#x438;&#x447;&#x43D;&#x44D;&#x44D;&#x43D;  &#x438;&#x445;&#x438;&#x439;&#x433; &#x438;&#x434;&#x441;&#x44D;&#x43D; &#x447; &#x446;&#x4AF;&#x434;&#x433;&#x44D;&#x440; ...</subfield>
  </datafield>
  <datafield tag="942" ind1=" " ind2=" ">
    <subfield code="2">NNA</subfield>
    <subfield code="c">BK</subfield>
  </datafield>
  <datafield tag="952" ind1=" " ind2=" ">
    <subfield code="0">0</subfield>
    <subfield code="1">0</subfield>
    <subfield code="4">0</subfield>
    <subfield code="6">845&#x41C;&#x41E;&#x41D;_&#x41D;_282</subfield>
    <subfield code="7">0</subfield>
    <subfield code="8">UVS14</subfield>
    <subfield code="a">UVS1285160</subfield>
    <subfield code="b">UVS1285160</subfield>
    <subfield code="c">UVS14</subfield>
    <subfield code="d">2024-06-23</subfield>
    <subfield code="g">12900.00</subfield>
    <subfield code="l">0</subfield>
    <subfield code="o">84(5&#x41C;&#x43E;&#x43D;)  &#x41D; 282</subfield>
    <subfield code="p">UVS1223959-3-1</subfield>
    <subfield code="r">2024-06-23</subfield>
    <subfield code="t">103573</subfield>
    <subfield code="y">BK</subfield>
  </datafield>
  <datafield tag="952" ind1=" " ind2=" ">
    <subfield code="0">0</subfield>
    <subfield code="1">0</subfield>
    <subfield code="4">0</subfield>
    <subfield code="6">845&#x41C;&#x41E;&#x41D;_&#x41D;_282</subfield>
    <subfield code="7">0</subfield>
    <subfield code="8">UVS14</subfield>
    <subfield code="a">UVS1285160</subfield>
    <subfield code="b">UVS1285160</subfield>
    <subfield code="c">UVS14</subfield>
    <subfield code="d">2024-06-23</subfield>
    <subfield code="g">12900.00</subfield>
    <subfield code="l">0</subfield>
    <subfield code="o">84(5&#x41C;&#x43E;&#x43D;)  &#x41D; 282</subfield>
    <subfield code="p">UVS1223959-3-2</subfield>
    <subfield code="r">2024-06-23</subfield>
    <subfield code="t">104791</subfield>
    <subfield code="y">BK</subfield>
  </datafield>
  <datafield tag="999" ind1=" " ind2=" ">
    <subfield code="c">947214</subfield>
    <subfield code="d">947271</subfield>
  </datafield>
</record>
